LEADER 00894cam0-2200289 --450 001 9910748794403321 005 20231103150613.0 010 $a978-88-400-2230-7 020 $aIT$b2022-9679 100 $a20231103d2022----kmuy0itay5050 ba 101 0 $aita 102 $aIT 105 $aa 001yy 200 1 $aDal giorno del ringraziamento al juneteenth$efeste nazionali e identità statunitense$fMarco Sioli 210 $a[Milano]$cUNICOPLI$d2022 215 $a156 p.$cill.$d21 cm 225 1 $a<>‰scudo d'Achille$v15 610 0 $aFeste nazionali$aStati Uniti d'America 676 $a394.26973$v23$zita 700 1$aSioli,$bMarco$0329560 801 0$aIT$bUNINA$gREICAT$2UNIMARC 901 $aBK 912 $a9910748794403321 952 $aCollez. 2563 (15)$b839/2023$fFSPBC 959 $aFSPBC 996 $aDal giorno del ringraziamento al juneteenth$93578225 997 $aUNINA LEADER 04345nam 22007575 450 001 996449439403316 005 20200406050111.0 010 $a3-11-063955-6 010 $a3-11-063639-5 024 7 $a10.1515/9783110639551 035 $a(CKB)4100000007821135 035 $a(MiAaPQ)EBC5787372 035 $a(DE-B1597)507561 035 $a(OCoLC)1091666356 035 $a(DE-B1597)9783110639551 035 $a(oapen)https://directory.doabooks.org/handle/20.500.12854/74703 035 $a(PPN)237583313 035 $a(EXLCZ)994100000007821135 100 $a20200406h20192019 fg 101 0 $ager 135 $aurcnu|||||||| 181 $ctxt$2rdacontent 182 $cc$2rdamedia 183 $acr$2rdacarrier 200 10$aMord(s)bilder - Aufzählungen von Gewalt bei Seneca und Lucan /$fMaria Backhaus 210 $aBerlin/Boston$cDe Gruyter$d2019 210 1$aBerlin ;$aBoston : $cDe Gruyter, $d[2019] 210 4$d©2019 215 $a1 online resource (340 pages) 225 0 $aMillennium-Studien / Millennium Studies ;$v76 311 $a3-11-063597-6 320 $aIncludes bibliographical references. 327 $tFrontmatter -- $tVorwort -- $tInhalt -- $t1. Einführung und Überblick -- $t2. Aufzählung und Anschaulichkeit bei Quintilian -- $t3. Schaulust und Staunen: Antike Autoren über die Rezeption von inszenierter Gewalt -- $t4. Aufzählung und Reduktion von exempla -- $t5. Anschauliche Aufzählungen und exempla-Reihen tödlicher Gewalt in Senecas De ira -- $t6. Aufzählende Beschreibungen tödlicher Gewalt in Lucans Bellum Civile 2.98-233 -- $t7. Fazit: Anschauliche Aufzählungen tödlicher Gewalt bei Seneca und Lucan -- $tLiteratur -- $tRegister 330 $aDie Schilderung physischer Gewalttaten wie Folter, Mord und Hinrichtung gilt als charakteristisch für die Literatur der 2. Hälfte des 1. Jhs. n. Chr., wurde aber bislang kaum befriedigend analysiert. Insbesondere aufzählende Abschnitte aus Senecas De ira und Lucans De bello civili sorgen für Irritation. Darum sucht dieses Buch die Annäherung an antike Rezeptionshaltungen.Die systematische Auseinandersetzung mit der Rhetoriklehre zeigt, dass Aufzählungen die visuelle Imagination unterstützen und zur Affekterregung beitragen. Lust und Staunen sind ein ambivalent bewertetes Begriffspaar, mit dem die antike Rezeptionsästhetik die Inszenierung und Betrachtung von Gewalt charakterisiert. Wertevorstellungen wiederum werden in verkürzten Aufzählungen von exempla veranschaulicht. Unter diesen Voraussetzungen erweist ein close reading Senecas und Lucans, dass die Anschaulichkeit ihrer Texte auf der Reduktion auf konkrete Details beruht, die aber gerade durch die Häufung in Aufzählungen ihre affektive Wirkung entfalten. Der Rezipient erhält so ein vielfältiges Assoziationsangebot und kann sich aktiv an der Erschaffung einer caedis imago beteiligen. 330 $aOften noticed, frequently criticized, the descriptions of physical violence in Seneca's philosophical work De ira and Lucan's civil war epic De bello civili irritate until today. Only looking at the theory of rhetoric, the use of exempla and the staging of violence allows an approach to ancient reception attitudes and reveals the connections between enumeration and visualizability, violence and the the arousal of the emotions. 410 0$aMillennium-Studien ;$v76. 606 $aAnschaulichkeit 606 $aAufzählung 606 $aGewalt 606 $aTod 606 $aVisualizability 606 $adeath 606 $aenumeration 606 $aviolence 606 $aLITERARY CRITICISM / Ancient & Classical$2bisacsh 610 $aVisualizability. 610 $adeath. 610 $aenumeration. 610 $aviolence. 615 4$aAnschaulichkeit. 615 4$aAufzählung. 615 4$aGewalt. 615 4$aTod. 615 4$aVisualizability. 615 4$adeath. 615 4$aenumeration. 615 4$aviolence. 615 7$aLITERARY CRITICISM / Ancient & Classical. 676 $a878.0109 700 $aBackhaus$b Maria, $4aut$4http://id.loc.gov/vocabulary/relators/aut$0772262 801 0$bDE-B1597 801 1$bDE-B1597 906 $aBOOK 912 $a996449439403316 996 $aMord(s)bilder - Aufza?hlungen von Gewalt bei Seneca und Lucan$91576538 997 $aUNISA LEADER 05377nam 22006255 450 001 9910627237303321 005 20251008153517.0 010 $a9783031156106$b(electronic bk.) 010 $z9783031156090 024 7 $a10.1007/978-3-031-15610-6 035 $a(MiAaPQ)EBC7129836 035 $a(Au-PeEL)EBL7129836 035 $a(CKB)25299549900041 035 $a(DE-He213)978-3-031-15610-6 035 $a(EXLCZ)9925299549900041 100 $a20221031d2023 u| 0 101 0 $aeng 135 $aurcnu|||||||| 181 $ctxt$2rdacontent 182 $cc$2rdamedia 183 $acr$2rdacarrier 200 10$aAntonio Gramsci $eAn Intellectual Biography /$fby Gianni Fresu 205 $a1st ed. 2023. 210 1$aCham :$cSpringer International Publishing :$cImprint: Palgrave Macmillan,$d2023. 215 $a1 online resource (399 pages) 225 1 $aMarx, Engels, and Marxisms,$x2524-7131 311 08$aPrint version: Fresu, Gianni Antonio Gramsci Cham : Springer International Publishing AG,c2022 9783031156090 327 $aPART ONE ? THE YOUNG REVOLUTIONARY -- 1. The premises of an uninterrupted discourse -- 2. Dialectics versus positivism: the young Gramsci?s philosophical background -- 3. Self-education and autonomy of producers -- 4. Lenin and the topicality of revolution -- 5. L?Ordine Nuovo -- 6. The origin and defeat of the Italian revolution -- 7. The party problem -- 8. Revolutionary reflux and reactionary offensive -- PART TWO ? THE POLITICAL LEADER -- 9. The new Party -- 10. The Comintern and the ?Italian case? -- 11. Toward a new majority -- 12. Gramsci leading the Party -- 13. Theoretical maturity between 1925 and 1926 -- 14. The Congress of Lyon -- PART THREE ? THE THEORETICIAN -- 15. From Sardinia?s contradictions to the sourther question -- 16. The Notebooks: the difficult beginnings of a ?disinterested? work -- 17. Hegemonic relations, productive relations and the subaltern -- 18. Permanent transformism -- 19. Historical premises and congenital contradictions in Italian biography -- 20. ?The old dies and the new cannot be born? -- 21. The double revision of Marxism and similarity with Lukács -- 22. Translatability and hegemony -- 23. The philosopher man and the tamed gorilla -- 24. Michels, the intellectuals and the issue of organization -- 25. The dismantling of the old schemes of political art. 330 $aThis intellectual biography provides an organic framework for understanding Antonio Gramsci?s process of intellectual development, paying close attention to the historical and intellectual contexts out of which his views emerged. The Gramsci in Notebooks cannot fully account for the young director of L?Ordine Nuovo, or for the communist leader. Gramsci?s development did not occur under conditions of intellectual inflexibility, of absence of evolution. However, there is a strong thread connecting the ?political Gramsci? with Gramsci as a ?cultivated man.? The Sardinian intellectual?s life is marked by the drama of World War I, the first mass conflict in which the great scientific discoveries of the previous decades were applied on a large scale and in which millions of peasants and workers were slaughtered. In all of his theoretical formulations, this dual relation, which epitomizes the instrumental use of ?simpletons? by ruling classes, goes beyond the military context of the trenchesand becomes full-fledged in the fundamental relations of modern capitalist society. In contrast with this notion of social hierarchy, which is deemed natural and unchangeable, Gramsci constantly affirmed the need to overcome the historically determined rupture between intellectual and manual functions, due to which the existence of a priesthood or of a separate caste of specialists in politics and in knowledge is made necessary. It is not the specific professional activity (whether material or immaterial) that determines the essence of human nature: to Gramsci, ?all men are philosophers.? In this passage from Notebooks, we find the condensed form of his idea of ?human emancipation,? which is the historical need for an ?intellectual and moral reform?: the subversion of traditional relations between rulers and ruled and the end of exploitation of man by man. Giovanni Fresu is professor of political philosophy at the Federal University of Uberlandia, Brazil and a researcher in political philosophy at the University of Cagliari, Italy. 410 0$aMarx, Engels, and Marxisms,$x2524-7131 606 $aPolitical science$xPhilosophy 606 $aItaly$xHistory 606 $aPolitical science 606 $aIntellectual life$xHistory 606 $aPolitical Philosophy 606 $aHistory of Italy 606 $aPolitical Theory 606 $aIntellectual History 615 0$aPolitical science$xPhilosophy. 615 0$aItaly$xHistory. 615 0$aPolitical science. 615 0$aIntellectual life$xHistory. 615 14$aPolitical Philosophy. 615 24$aHistory of Italy. 615 24$aPolitical Theory. 615 24$aIntellectual History. 676 $a324.245075 676 $a320.532092 700 $aFresu$b Gianni$0615944 801 0$bMiAaPQ 801 1$bMiAaPQ 801 2$bMiAaPQ 912 $a9910627237303321 996 $aAntonio Gramsci$92979678 997 $aUNINA